Quiz o powiecie polickim - Statystyki

Ogólne statystyki
  • Ten quiz został rozwiązany 23 razy
  • Średni wynik to 9 z 16
Statystyki odpowiedzi
Podpowiedź Odpowiedź % Poprawnych
Województwo którego częścią jest powiat policki Zachodniopomorskie
100%
Police
82%
Największa rzeka przepływająca przez powiat Odra
77%
Tablice rejestracyjne powiatu polickiego ZPL
77%
Autostrada przechodząca przez terytorium powiatu A6
68%
Brandenburgia
64%
Akwen wodny do którego uchodzi powyższa rzeka Zalew Szczeciński
64%
Gminy wchodzące w skład powiatu Nowe Warpno
45%
Dobra (Szczecińska)
41%
Kraje związkowe w Niemczech z którymi graniczy powiat Meklemburgia-Pomorze Przednie
41%
Wieś położona nad powyższym akwenem, w której znajduje się port morski Trzebież
41%
Kołbaskowo
36%
Puszcza na terenie powiatu, której nazwa pochodzi od rzeki znajdującej się naterytorium Niemiec Puszcza {Wkrzańska}
36%
Wsie powiatu polickiego, których część weszła w skład Szczecina Pilchowo
32%
Jedna z największych wsi w Polsce, największa wieś powiatu Mierzyn
27%
Bezrzecze
23%
Nie znaleziono quizów pasujących do podanych kryteriów
Rozkład punktacji
Procent ludzi z każdym wynikiem
Percentyl według liczby udzielonych odpowiedzi
Twoja historia wyników
Nie rozwiązałeś tego quizu